Statistics for Fancy Words for the Primary Colours

Click here to take the quiz!

General Stats

  • This quiz has been taken 92 times
  • The average score is 18 of 24

Answer Stats

HintAnswer% Correct
NavyBlue
96%
ScarletRed
96%
AzureBlue
94%
LimeGreen
94%
RubyRed
94%
CobaltBlue
93%
EmeraldGreen
93%
CrimsonRed
93%
UltramarineBlue
90%
JadeGreen
88%
Lapis LazuliBlue
83%
SapphireBlue
83%
CarmineRed
81%
CinnabarRed
78%
CeruleanBlue
75%
FeldgrauGreen
71%
ViridianGreen
65%
ClaretRed
61%
VermilionRed
61%
ErinGreen
58%
SmaragdineGreen
57%
MalachiteGreen
54%
AmaranthRed
47%
CeladonGreen
32%

Score Distribution

Percentile by Number Answered

Percent of People with Each Score

Your Score History

You have not taken this quiz